| 000 | 01695nam a2200133Ia 4500 | ||
|---|---|---|---|
| 008 | 220615s9999||||xx |||||||||||||| ||und|| | ||
| 020 | _a9780260000000 | ||
| 245 | 0 |
_aFrankenstein _bAnnotated for Scientists, Engineers, and Creators of All Kinds |
|
| 546 | _aEnglish[eng] | ||
| 650 | _ascience fiction||gothic||horror||European||British||literature||fiction||cautionary tale||STEM||science||bioethics||classic||bicentennial||Josephine Johnston||Cory Doctorow||Jane Maienschein||Kate MacCord||Alfred Nordmann||Elizabeth Bear||Anne K. Mellor||Heather E. Douglas||Frankenstein||Creature||Monster||Mary Shelley||Makers||women in science||science and anti-science||values in science||responsible innovation||Industrial Revolution||Mary Wollstonecraft||William Godwin||Percy Bysshe Shelley||Galvanism||Mount Tambora||Myths||Two Cultures||epistolary novel||Victor Frankenstein||Geneva||Prometheus||Arctic||Lord Byron||John Polidori||ghost stories||Revisions||Electricity||Lightning||Vitalism||Chemistry||Extinction||Magnetism||Moral responsibility||Legal responsibility||Social responsibility||Consequences||Obligations||Ethics||Maker Culture||DIY||Technology Adjacent Possible||Facebook||Surveillance||Aristotle||Fetal development||Epigenesis||Embryo||Person||Technoscience||Alchemy||uncanny valley||animation||complexity||Morality||Monstrosity||Christianity||Otherness||Gender||Nature||Domestic Affections||Women||Sexuality||Technical Sweetness||Los Alamos||Trinity Test||Scientific Responsibility||Nuclear Weapons||adjacent possible||synthetic biology||robotics | ||
| 700 | _aGuston, David H.||Finn, Ed||Robert, Jason Scott | ||
| 856 | _uhttp://mitpress.mit.edu/9780262533287 | ||
| 942 | _cEB | ||
| 999 |
_c15044 _d15044 |
||